| 000 | 00918nam a2200217Ii 4500 | ||
|---|---|---|---|
| 003 | JO-AjNU | ||
| 008 | 230605s9999||||xx |||||||||||||| ||und|| | ||
| 017 | _a1998/10/1809 | ||
| 040 |
_aJO-AjNU _bara _erda _cJO-AjNU |
||
| 041 | _aara | ||
| 050 | 1 | 4 | _aBP144.H37 2001 |
| 100 | 3 |
_aالحريري، ابراهيم محمد محمود, _eauthor _931460 |
|
| 245 | 0 | 0 | _aالمدخل الى القواعد الفقهية الكلية : تعريفها- نشأتها- تطورها- شرعيتها- تصنيفها- وقواعد أصولية لها صلة بها |
| 250 | _aط2 | ||
| 264 | 3 | 1 | _aعمان: دار عمار للنشر والتوزيع، 2001 |
| 300 |
_a237ص _bيتضمن ببلوغرافيا ص 193-233 |
||
| 336 |
_atext _btxt _2rdacontent |
||
| 337 |
_aunmediated _bn _2rdamedia |
||
| 338 |
_avolume _bnc _2rdacarrier |
||
| 650 | 4 |
_aالقواعد الفقهية- اصول الفقه الاسلامي _931461 |
|
| 999 |
_aA12586 _c16154 _d16154 |
||